منز ليں د و ر کہا ں (Record no. 172018)

MARC details
000 -LEADER
fixed length control field 00631nam a22001937a 4500
005 - DATE AND TIME OF LATEST TRANSACTION
control field 20200124160415.0
010 ## - LCCN (DPL NO)
LC control number UR-10681
020 ## - INTERNATIONAL STANDARD BOOK NUMBER
Terms of availability 175.00
International Standard Book Number -
035 ## - SYSTEM CONTROL NUMBER
System control number U-9236
037 ## - SOURCE OF ACQUISITION
Source of stock number/acquisition DBAD/PUB
Stock number -
082 ## - DEWEY DECIMAL CLASSIFICATION NUMBER
Classification number 841
100 ## - MAIN ENTRY--PERSONAL NAME
Personal name ا ے- ڈ ی- ر ا ہی
245 ## - TITLE STATEMENT
Title منز ليں د و ر کہا ں
Statement of responsibility, etc ا ے- ڈ ی- ر ا ہی
246 ## - VARYING FORM OF TITLE
Remainder of title Manzilen Door Kahaan(Poetry) (Urdu)
Title proper/short title by A.D.Rahi
260 ## - PUBLICATION, DISTRIBUTION, ETC. (IMPRINT)
Place of publication, distribution, etc Rajisthan
Name of publisher, distributor, etc Rajisthan Urdu Academy
Date of publication, distribution, etc 2001 ء
270 ## - ADDRESS
Address J-15,Jhalana Instituteional Area,
City Jaipur
Postal code 302004
Telephone number 01412709771
Fax number -
300 ## - PHYSICAL DESCRIPTION
Extent 112 ص
Dimensions 22 Cm(Hb)
942 ## - ADDED ENTRY ELEMENTS (KOHA)
Source of classification or shelving scheme Dewey Decimal Classification
Item type Urdu Bks
Classification part 841
Call number suffix ر ا ہ
Holdings
Withdrawn status Lost status Not for loan Collection code Home library Current library Date acquired Source of acquisition Cost, normal purchase price Full call number Barcode Copy number Cost, replacement price Koha item type
      Non-fiction Central Library Central Library 24/01/2020 BPPD/Ven. 175.00 841 ر ا ہ U-9236 1 175.00 Urdu Bks

© Delhi Public Library
Hit Counter
free hit counter